000 01195nam a2200241 a 4500
008 120416s1994 ||||||||||||||||| || u
020 _a1555874495
050 _aHC 800 Pol
100 _aPicard, Louis A
245 1 0 _aPolicy reform for sustainable development in Africa: the institutional imperative
_cedited by L. A. Picard
260 _aLondon:
_bLynne Rienner Publishers
_c1994
300 _axiii, 183p.
350 _a0.00
500 _a"A project of the IISA, Institut international des sciences administratives = IIAS, International Institute of Administrative Sciences." -Includes bibliographical references and index.
650 0 _aECONOMICS
650 _aSTRUCTURAL ADJUSTMENT(ECONOMIC POLICY)--AFRICA--CASE STUDIES
650 _aAFRICA--POLITICS AND GOVERNMENT--CASE STUDIES
650 _aSUSTAINABLE DEVELOPMENT--AFRICA--CASE STUDIES
650 0 _aSTRUCTURAL ADJUSTMENT (ECONOMIC POLICY)--AFRICA--CASE STUDIES
700 _aGarrity, Michele, 1951-
710 _aInternational Institute of Administrative Sciences
995 _D0.00
_FCBU-MAIN LIBRARY (Kitwe)
_H1
_I24.50
_M1
_UAVAILABLE
_ZAnnex Low-Usage Collection
999 _c53872
_d53872